Közel négyszázezer koronával emelkedett áprilisban a hadinyereségadó a közigazgatási bizottság ülése
Elmentve itt :
| Dokumentumtípus: | Cikk |
|---|---|
| Megjelent: |
1918-05-14
|
| Sorozat: | Délmagyarország
7 No. 110 |
| Kulcsszavak: | Kelemen Béla, Andrássy Ferenc, Pálfy József, Jánossy Gyula, Harsányi Elemér, Alexander Lajos, Tőrös Sándor, Közigazgatás jelentés Szeged 1918 |
| Online Access: | http://dmarchiv.bibl.u-szeged.hu/44050 |
| LEADER | 00625nab a2200145 i 4500 | ||
|---|---|---|---|
| 001 | delm44050 | ||
| 005 | 20180927131941.0 | ||
| 008 | 180927s1918 hu o 0|| hun d | ||
| 040 | |a SZTE Délmagyarország Archívum |b hun | ||
| 041 | |a hun | ||
| 245 | 0 | 0 | |a Közel négyszázezer koronával emelkedett áprilisban a hadinyereségadó |h [elektronikus dokumentum] : |b a közigazgatási bizottság ülése |
| 260 | |c 1918-05-14 | ||
| 300 | |a 7 | ||
| 490 | 0 | |a Délmagyarország |v 7 No. 110 | |
| 695 | |a Kelemen Béla, Andrássy Ferenc, Pálfy József, Jánossy Gyula, Harsányi Elemér, Alexander Lajos, Tőrös Sándor, Közigazgatás jelentés Szeged 1918 | ||